Centrum umeleckej výchovy

Saved in:
Bibliographic Details
Main Author: Tésiová, Laura (Author)
Other Authors: Žilinský, Juraj (Thesis advisor)
Format: Manuscript Book
Language:Slovak
Published: 2020
Subjects:
Online Access:http://is.stuba.sk/zp/portal_zp.pl?podrobnosti=151095
https://opac.crzp.sk/?fn=detailBiblioForm&sid=23A5A917B76C11E749AAE180CF65
Tags: Add Tag
No Tags, Be the first to tag this record!

MARC

LEADER 00000ntm a22000003a 4500
001 stuzp78957
003 SK-STU
005 20230524125841.4
007 ta
008 150427s2015----xo-----f-mn---000-0-slo-d
040 |a STU  |b slo 
041 0 |a slo 
100 1 |a Tésiová, Laura  |u 010180  |4 aut  |U SvF Stavebná fakulta  |T SvF Katedra konštrukcií pozemných stavieb  |X 75856  |U V180  |Y 18  |7 75856 
242 0 1 |a Center of Art Education  |y eng 
245 1 0 |a Centrum umeleckej výchovy 
260 |c 2020 
650 4 |a Koncertná sála  |2 slo 
650 4 |a projekt na realizáciu stavby  |2 slo 
650 4 |a tepelnotechnické posúdenie  |2 slo 
650 4 |a umelecká škola  |2 slo 
650 4 |a concert hall  |2 eng 
650 4 |a art school  |2 eng 
650 4 |a project for the realization of the building  |2 eng 
650 4 |a thermal engineering assessment  |2 eng 
700 1 |a Žilinský, Juraj  |u 010180  |k Z1  |4 ths  |U SvF Stavebná fakulta  |T SvF Katedra konštrukcií pozemných stavieb  |X 556  |U V180  |Y 18  |7 A000000556 
856 4 |u http://is.stuba.sk/zp/portal_zp.pl?podrobnosti=151095 
856 4 |u https://opac.crzp.sk/?fn=detailBiblioForm&sid=23A5A917B76C11E749AAE180CF65